Proceedings of the Microcomputers in the Marketing Curriculum Conference April 11-13, 1989 New Orleans, LA

Salvato in:
Dettagli Bibliografici
Altri autori: Dyer, Robert F., Steinberg, Margery S.
Natura: Libro
Lingua:inglese
Pubblicazione: Illinois American Marketing Association 1989
Edizione:1. ed.
Soggetti:
Tags: Aggiungi Tag
Nessun Tag, puoi essere il primo ad aggiungerne!!

MARC

LEADER 00000nam a2200000 4500
001 c001010
005 20221215114332.0
020 |a 0-87757-199-6 
041 0 |a eng 
044 |a US 
245 1 0 |a Proceedings of the Microcomputers in the Marketing Curriculum Conference  |b April 11-13, 1989 New Orleans, LA  |c Edit. Robert F. Dyer, Margery S. Steinberg 
250 |a 1. ed. 
264 1 |a Illinois  |b American Marketing Association  |c 1989 
300 |a 402 s. 
610 2 0 |a konferencie 
610 2 0 |a New Orleans 
610 2 0 |a 1989 
610 2 0 |a mikropočítače 
610 2 0 |a marketing 
610 2 0 |a plán učebný 
610 2 0 |a využitie počítačov 
610 2 0 |a AIS 
610 2 0 |a školstvo 
610 2 0 |a spracovanie dát automatické 
700 1 |a Dyer, Robert F. 
700 1 |a Steinberg, Margery S.